The buy to let market in the south east (Record no. 107497)

MARC details
000 -LEADER
fixed length control field 01296cad a22002055a 4500
001 - CONTROL NUMBER
control field L140410
008 - FIXED-LENGTH DATA ELEMENTS--GENERAL INFORMATION
fixed length control field 070920s2007 xxkbd f s 000 0 eng d
035 ## - SYSTEM CONTROL NUMBER
System control number (Sirsi) u140410
041 0# - LANGUAGE CODE
Language code of text/sound track or separate title eng
050 04 - LIBRARY OF CONGRESS CALL NUMBER
Classification number 332.6324 $2 18
110 2# - MAIN ENTRY--CORPORATE NAME
Corporate name or jurisdiction name as entry element Savills Research
9 (RLIN) 5211
245 04 - TITLE STATEMENT
Title The buy to let market in the south east
Medium [electronic resource]
260 ## - PUBLICATION, DISTRIBUTION, ETC.
Place of publication, distribution, etc. Guildford
Name of publisher, distributor, etc. South East England Regional Assembly
Date of publication, distribution, etc. 2007
520 ## - SUMMARY, ETC.
Summary, etc. Aims to further understanding of the buy to let market?s dynamics in the south east region. Identifies local authorities in the region holding a large amount of private rented stock. Examines the reasons for these pockets of demand. Provides an overview of the development of the buy to let. Concludes that affordability pressures for first time buyers are unlikely to ease in the mid to long term; that buy to let plays a key role in housing migrants; and that competition in the market is raising the standard of rented housing. Real Estate Investment Trusts may compound this trend.
590 ## - LOCAL NOTE (RLIN)
Local note KA
651 #4 - SUBJECT ADDED ENTRY--GEOGRAPHIC NAME
Geographic name South East (England)
690 ## - LOCAL SUBJECT ADDED ENTRY--TOPICAL TERM (OCLC, RLIN)
Topical term or geographic name as entry element PROPERTY-RESIDENTIAL PROPERTY-RESIDENTIAL PROPERTY MARKET
856 40 - ELECTRONIC LOCATION AND ACCESS
Uniform Resource Identifier <a href="https://www.southeast-ra.gov.uk/our_work/planning/housing/index.html">https://www.southeast-ra.gov.uk/our_work/planning/housing/index.html</a>
Public note View the item free of charge at www.southeast-ra.gov.uk...
942 ## - ADDED ENTRY ELEMENTS (KOHA)
Suppress in OPAC 0
Holdings
Withdrawn status Lost status Source of classification or shelving scheme Damaged status Not for loan Home library Current library Shelving location Date acquired Total Checkouts Full call number Barcode Date last seen Copy number Price effective from Koha item type
    Dewey Decimal Classification     Virtual Virtual Online 20/09/2007   ONLINE PUBLICATION 140410-1001 06/08/2019 1 06/08/2019 Book